Top 100 Sehenswürdigkeiten in Deutschland - Statistiken

Allgemein
  • Dieses Quiz wurde 151 mal gespielt
  • Das Durchschnittsergebnis liegt bei 29 aus 100
Antwortstatistiken
Rang Art Sehenswürdigkeit % Korrekt
6 Stadt Berlin
91%
14 Stadt Hamburg
90%
15 Stadt München
88%
2 Freizeitpark Europa-Park
87%
42 Stadt Köln
87%
11 Schloss Schloss Neuschwanstein
84%
41 Stadt Frankfurt am Main
77%
12 Gewässer Bodensee
74%
17 Stadt Dresden
70%
4 Rennstrecke Nürburgring
70%
71 Stadt Bremen
68%
58 Stadt Stuttgart
66%
37 Fest Oktoberfest
65%
40 Stadt Nürnberg
63%
55 Stadt Leipzig
61%
3 Freizeitpark Phantasialand
59%
69 Stadt Düsseldorf
57%
36 Insel Rügen
57%
95 Insel Sylt
57%
96 Freizeitpark Heide Park
56%
49 Gewässer Rhein
55%
18 Gebirge Schwarzwald
51%
20 UNESCO-Welterbe Kölner Dom
50%
22 Stadt Heidelberg
48%
28 Stadt Freiburg im Breisgau
46%
88 UNESCO-Welterbe Zeche Zollverein
46%
50 Stadt Trier
45%
86 Gewässer Chiemsee
44%
34 Stadt Aachen
43%
29 Gebirge Harz
43%
35 Erhebung Zugspitze
41%
77 Stadt Münster
37%
53 Stadt Regensburg
36%
24 Freizeitpark Legoland
34%
78 UNESCO-Welterbe Wartburg
34%
89 Stadt Kassel
33%
31 Stadt Würzburg
32%
61 Stadt Weimar
30%
32 Stadt Bamberg
28%
59 Nationalpark Eifel
28%
5 Stadt Rothenburg ob der Tauber
28%
81 Insel Usedom
28%
45 UNESCO-Welterbe Museumsinsel Berlin
27%
74 Nationalpark Wattenmeer
27%
76 Stadt Koblenz
26%
27 Bauwerk Ulmer Münster
24%
94 UNESCO-Welterbe Wallfahrtskirche "Die Wies"
23%
1 Museum Miniatur Wunderland
22%
70 UNESCO-Welterbe/Stadt (Residenzensemble) Schwerin
22%
33 Gewässer Mosel
21%
72 Insel Helgoland
20%
10 Burg Burg Eltz
19%
99 Museum Autostadt
18%
67 Stadt Bayreuth
18%
21 Bauwerk Elbphilharmonie
18%
90 Bauwerk Wuppertaler Schwebebahn
18%
44 Stadt Quedlinburg
16%
85 UNESCO-Welterbe Schloss Sanssouci
16%
43 Stadt Garmisch-Partenkirchen
15%
68 Stadt Görlitz
14%
66 Region Allgäu
13%
39 UNESCO-Welterbe/Stadt Baden-Baden
13%
46 Gewässer Königssee
13%
83 Nationalpark Bayerischer Wald
12%
23 Nationalpark Sächsische Schweiz
11%
64 UNESCO-Welterbe Porta Nigra
10%
97 Museum Technikmuseum Sinsheim
10%
52 UNESCO-Welterbe Bergpark Wilhelmshöhe
9%
82 Burg Burg Hohenzollern
9%
47 Stadt Cochem
9%
73 Stadt Lindau
9%
54 UNESCO-Welterbe Speicherstadt Hamburg
9%
80 UNESCO-Biosphärenreservat Spreewald
9%
91 Gewässer Tegernsee
9%
25 Stadt Berchtesgaden
8%
19 Freizeitpark Erlebnispark Tripsdrill
8%
75 Stadt Rüdesheim am Rhein
7%
84 Schloss Schloss Linderhof
7%
98 Ferienstraße Deutsche Märchenstraße
6%
79 Stadt Monschau
6%
93 Gewässer Saarschleife
6%
48 Stadt Dinkelsbühl
5%
16 Freizeitpark Freizeitpark Ravensburger Spieleland
5%
100 Stadt Hameln
5%
9 Freizeitanlage Therme Erding
5%
65 Stadt Wernigerode
5%
38 Freizeitpark Bayern-Park
4%
26 Ferienstraße Romantische Straße
4%
60 Gewässer Eibsee
3%
63 Naturpark Altmühltal
2%
56 Stadt Beilstein
2%
62 Stadt Bernkastel-Kues
2%
87 Ferienstraße Deutsche Alpenstraße
2%
7 Museum Deutschlandmuseum
2%
92 Freizeitpark Karls Erlebnis-Dorf
2%
8 UNESCO-Welterbe Markgräfliches Opernhaus Bayreuth
2%
57 Freizeitpark Wildpark Bad Mergentheim
2%
51 Fest Christkindlesmarkt
1%
13 Park Europa-Rosarium
1%
30 Region Liebliches Taubertal
1%
Keine übereinstimmenden Quizze gefunden
Verteilung der Resultate
Anzahl Personen mit jedem Resultat
Perzentil nach korrekt beantworteten Fragen
Ihre Resultats-Entwicklung
Sie haben dieses Quiz noch nicht gespielt